| 000 | 01205cad a22002295a 4500 | ||
|---|---|---|---|
| 001 | L147976 | ||
| 008 | 090708s20090620xxkd f s 000 0 eng d | ||
| 035 | _a(Sirsi) u147976 | ||
| 041 | 0 | _aeng | |
| 110 | 2 |
_aKnight Frank _91530 |
|
| 245 | 0 | 0 |
_aKnight Frank market insight survey _bwealth taxes and the prime London residential market _h[electronic resource] |
| 260 | _c2009 | ||
| 490 | 0 |
_aKnight Frank Market Insight Survey _v(09pr292), 20 June 2009 |
|
| 520 | _aExamines the behaviour of wealthy individuals following the changes in the UK's tax regime and the impact on the prime residential market in London. Finds that 7% of non-domiciled residents and 2% of High Net Worth Individuals have relocated from the UK due to the changes in taxes and more are considering future relocation away from the UK. | ||
| 521 | _aAdvanced | ||
| 590 | _aKA NTK | ||
| 650 | 2 | 4 | _aKNIGHT FRANK MARKET INSIGHT SURVEY |
| 651 | 4 |
_aUnited Kingdom _y |
|
| 690 | _aPROPERTY-RESIDENTIAL PROPERTY-RESIDENTIAL PROPERTY MARKET | ||
| 856 | 4 | 0 |
_uhttps://resources.knightfrank.com/GetNewsResource.ashx?Id=e95d435d-365f-435b-a497-343b55dc1a1c&type=1 _zView the news release free of charge at www.knightfrank.com... |
| 942 | _n0 | ||
| 999 |
_c81690 _d81690 |
||